| 000 | 01224cam a2200289 4500 | ||
|---|---|---|---|
| 001 | L159385 | ||
| 002 | ##10124 | ||
| 008 | 170113n2016 000 0 eng u | ||
| 020 | _a9781118346549 | ||
| 035 | _a(Sirsi) u159385 | ||
| 041 | 0 | _aeng | |
| 050 | 0 | 4 | _a692.8 $2 18 |
| 110 | 2 |
_aAqua Group _9865 |
|
| 245 | 0 | 0 | _aAqua Group guide to procurement tendering and contract administration |
| 250 | _a2nd edition | ||
| 260 |
_aOxford _b Wiley Blackwell _c2016 |
||
| 300 |
_axv 368p. _c25cm. |
||
| 520 | _aCovers the entire building procurement tendering and contract administration process from inception through to final account. Includes the briefing stage, procurement methods, tendering procedures and contract administration. Provides a detailed account of the building team's roles and responsibilities, and industry practice required to ensure that projects meet clients' expectations in respect of time, cost and quality. | ||
| 520 | _aSupersedes 1st ed ISBN 9781405131988 | ||
| 651 | 4 |
_aUnited Kingdom _y |
|
| 690 |
_aProcurement _96260 |
||
| 690 |
_aConstruction management _96230 |
||
| 700 | 1 |
_aHackett, Mark _eeditor |
|
| 700 | 1 |
_aRobinson, Ian _eeditor |
|
| 700 | 1 |
_aStatham, Gary _eeditor |
|
| 942 | _n0 | ||
| 999 |
_c115853 _d115853 |
||